000 00668nmm a2200217Ia 4500
008 251105s9999||||xx |||||||||||||||||und||
020 _a9788480213844
041 _aspa
100 _aMartínez Rodrigo, María Dolores
245 0 _aResistencia de materiales
264 _a[Madrid, España] :
_bUniversitat Jaume I,
_c2002
300 _a405 páginas
490 _aTreballs d'informàtica i tecnologia
650 _aSciences
700 _aMartínez Rodrigo, María Dolores
700 1 _a Museros Romero, Pedro
700 1 _a Poy Gil, Ana
700 1 _a Romero García, Manuel Luis
856 _uhttps://public.digitaliapublishing.com/a/14736
942 _cCF
999 _c68518
_d68518